¿Cuál es su excusa…? : un sondeo a la conciencia del hombre /

Đã lưu trong:
Chi tiết về thư mục
Tác giả chính: Talamás Camandari, Manuel (autor)
Định dạng: Sách
Ngôn ngữ:Tiếng Tây Ban Nha
Được phát hành: México : Ediciones Paulinas, 1986, c1986
Các nhãn: Thêm thẻ
Không có thẻ, Là người đầu tiên thẻ bản ghi này!

MARC

LEADER 00000nam^a2200000^a^4500
001 000564045
005 20250521000000.0
009 20260310132018.617
037 |a Acervo ITESO - Biblioteca 
041 |a ESP 
091 |a FGM. 02229 
100 |a Talamás Camandari, Manuel  |e (autor) 
245 1 0 |a ¿Cuál es su excusa…? :  |b un sondeo a la conciencia del hombre / 
264 4 |a México :  |b Ediciones Paulinas,  |c 1986, c1986 
300 |a 303 p. 
336 |a texto  |b txt  |2 rdacontenido 
337 |a sin mediación  |b n  |2 rdamedio 
338 |a volumen  |b nc  |2 rdasoporte 
649 |a XX 
910 |a Fondo Efraín González Morfín 
920 |a Impresos - Libros 
930 |a Fondos Especiales 
905 |a 130 
901 |a 0500384484  |b IT2  |c ESL  |i D87264  |u 20250521 
902 |a https://opac.biblio.iteso.mx/vufind/Record/000564045